01078nac a22003011i 4500003000900000005001700009008004100026020002700067020001800094040004300112082002000155100003400175245013100209264004500340264001000385300002600395336002600421337002800447338002700475650003200502655001700534700003100551700002800582700002900610942001200639999001500651952011000666EG-ScBUE20250618091440.0250618t2001 nju f 000 0 eng d a1589490142 (hardcover) a9781589490147 aEG-ScBUEbengerdacEG-ScBUEdEG-ScBUE04a539.76222bPRO a20080729 00aProceedings of Cairo International conference on high energy physics /cedited by Shaaban Khalil, Qaisar Shafi, Hassan Tallat. 1aPrinceton, NJ : bRinton Press, c[2001] 4cc2001 ax, 461 pages ;c24 cm 2rdacontentatextbtxt aunmediated2rdamediabn avolumebnc2rdacarrier 7aHigh energy physics.2BUEsh vReading book1 aKhalil, Shaaban, eeditor.1 aShafi, Qaisar,eeditor.1 aTallat, Hassan,eeditor. cBB2ddc c3495d3495 00102ddc4070aMAINbMAINc1STd2007-04-19ePurchasel0o539.76 PROp000030244r2025-07-15 00:00:00yBB